[Event "Vlissingen HZ op 18th"]
[Site "Vlissingen"]
[Date "2014.08.03"]
[Round "2"]
[White "Mostertman, Milan"]
[Black "Blankert, Willem"]
[Result "1-0"]
[WhiteElo "2284"]
[BlackElo "1987"]
[PlyCount "43"]
[EventDate "2014.08.02"]
[EventType "swiss"]
[EventRounds "9"]
[EventCountry "NED"]
[SourceTitle "CBM 161 Extra"]
[Source "ChessBase"]
[SourceDate "2014.08.29"]
[SourceVersion "1"]
[SourceVersionDate "2014.08.29"]
[SourceQuality "1"]

1. e4 e6 2. d4 d5 3. Nd2 Nf6 4. e5 Nfd7 5. c3 c5 6. Bd3 Nc6 7. Ne2 cxd4 8. cxd4 f6 9. exf6 Nxf6 10. 0-0 Bd6 11. Nf3 Qc7 12. Bg5 0-0 13. Rc1 h6 14. Bd2 Bd7 15. Bc3 Ng4 16. Ng3 e5 17. dxe5 Ngxe5 18. Nxe5 Bxe5 19. Bb1 Bxg3 20. Qxd5+ Kh8 21. fxg3 Rad8 22. Qe4 1-0

[Event "Dieren op"]
[Site "Dieren"]
[Date "2014.07.30"]
[Round "8"]
[White "Van Foreest, Jorden"]
[Black "Mostertman, Milan"]
[Result "1/2-1/2"]
[WhiteElo "2461"]
[BlackElo "2284"]
[PlyCount "68"]
[EventDate "2014.07.22"]
[EventType "swiss"]
[EventRounds "9"]
[EventCountry "NED"]
[SourceTitle "CBM 161 Extra"]
[Source "ChessBase"]
[SourceDate "2014.08.29"]
[SourceVersion "1"]
[SourceVersionDate "2014.08.29"]
[SourceQuality "1"]

1. e4 e5 2. Nf3 Nc6 3. Bb5 a6 4. Ba4 Nf6 5. 0-0 Be7 6. Re1 b5 7. Bb3 d6 8. c3 0-0 9. h3 Bb7 10. d4 Na5 11. Bc2 Nc4 12. a4 Nb6 13. Qe2 exd4 14. axb5 axb5 15. Rxa8 Qxa8 16. Nxd4 b4 17. cxb4 d5 18. e5 Ne4 19. f3 Bxb4 20. fxe4 Bxe1 21. Qxe1 dxe4 22. Qg3 g6 23. Bh6 Qd8 24. Nf5 Re8 25. Bg5 Qd5 26. Ne7+ Rxe7 27. Bxe7 Qd4+ 28. Kh2 Qxb2 29. Na3 Nd5 30. Bg5 e3 31. e6 fxe6 32. Be4 Qxa3 33. Bxd5 Bxd5 34. Qxc7 Qb2 1/2-1/2

[Event "Groningen op-A 51st"]
[Site "Groningen"]
[Date "2013.12.21"]
[Round "1"]
[White "Mostertman, Milan"]
[Black "Den Hartog, Marijn"]
[Result "0-1"]
[WhiteElo "2304"]
[BlackElo "2025"]
[PlyCount "56"]
[EventDate "2013.12.21"]
[EventType "swiss"]
[EventRounds "9"]
[EventCountry "NED"]
[SourceTitle "CBM 158 Extra"]
[Source "ChessBase"]
[SourceDate "2014.02.28"]
[SourceVersion "1"]
[SourceVersionDate "2014.02.28"]
[SourceQuality "1"]

1. d4 Nf6 2. c4 g6 3. Nc3 Bg7 4. e4 d6 5. Nf3 0-0 6. Be2 e5 7. 0-0 Nc6 8. dxe5 dxe5 9. Bg5 Qxd1 10. Rfxd1 Bg4 11. Rac1 Bxf3 12. Bxf3 Nd4 13. Nd5 Nxd5 14. cxd5 Rac8 15. Be3 c6 16. dxc6 Rxc6 17. Rxc6 bxc6 18. Rc1 Rc8 19. Rc4 Kf8 20. Bg4 Rd8 21. Ra4 h5 22. Bh3 Nc2 23. Bc5+ Kg8 24. Kf1 Bh6 25. Bxa7 Rd1+ 26. Ke2 Rd2+ 27. Kf3 Bf4 28. g4 Ne1# 0-1

[Event "NED-chT 1314"]
[Site "Netherlands"]
[Date "2013.11.02"]
[Round "2.6"]
[White "Van Haastert, Edwin"]
[Black "Mostertman, Milan"]
[Result "1-0"]
[WhiteElo "2420"]
[BlackElo "2309"]
[PlyCount "61"]
[EventDate "2013.09.21"]
[EventType "team-tourn"]
[EventRounds "9"]
[EventCountry "NED"]
[SourceTitle "EXT 2015"]
[Source "ChessBase"]
[SourceDate "2014.11.20"]
[SourceVersion "1"]
[SourceVersionDate "2014.11.20"]
[SourceQuality "1"]
[WhiteTeam "Leiden LSG"]
[BlackTeam "Groningen"]
[WhiteTeamCountry "NED"]
[BlackTeamCountry "NED"]

1. e4 c5 2. Nf3 d6 3. d4 cxd4 4. Nxd4 Nf6 5. f3 e5 6. Nb3 d5 7. Bg5 Be6 8. Bxf6 gxf6 9. exd5 Qxd5 10. Qxd5 Bxd5 11. Nc3 Be6 12. 0-0-0 Nd7 13. Nb5 Kd8 14. Na5 Rb8 15. Bc4 Bc5 16. Nd6 Kc7 17. Nxf7 Bxc4 18. Nxc4 Rhg8 19. g3 b5 20. Nd2 Rg6 21. Ne4 Be3+ 22. Kb1 Rf8 23. Nfd6 f5 24. Nxb5+ Kc6 25. Nec3 Rb8 26. Nd5 Bc5 27. Nbc3 Bd4 28. Ne7+ Kc7 29. Ncd5+ Kd6 30. c3 Bxc3 31. Nxf5+ 1-0

[Event "NED-chT 1314"]
[Site "Netherlands"]
[Date "2013.09.21"]
[Round "1.4"]
[White "Mostertman, Milan"]
[Black "Ikonnikov, Vyacheslav"]
[Result "0-1"]
[WhiteElo "2312"]
[BlackElo "2562"]
[PlyCount "64"]
[EventDate "2013.09.21"]
[EventType "team-tourn"]
[EventRounds "9"]
[EventCountry "NED"]
[SourceTitle "EXT 2015"]
[Source "ChessBase"]
[SourceDate "2014.11.20"]
[SourceVersion "1"]
[SourceVersionDate "2014.11.20"]
[SourceQuality "1"]
[WhiteTeam "Groningen"]
[BlackTeam "En Passant"]
[WhiteTeamCountry "NED"]
[BlackTeamCountry "NED"]

1. e4 c5 2. Nf3 Nc6 3. d4 cxd4 4. Nxd4 e5 5. Nb5 d6 6. c4 Be7 7. N1c3 a6 8. Na3 Be6 9. Be2 Bg5 10. 0-0 Bxc1 11. Rxc1 Nge7 12. Nc2 Ng6 13. g3 0-0 14. Qd2 Qb6 15. Nd5 Qa7 16. h4 Bh3 17. h5 Bxf1 18. Rxf1 Nge7 19. h6 Nxd5 20. hxg7 Kxg7 21. cxd5 Ne7 22. Qg5+ Ng6 23. Ne3 f6 24. Nf5+ Kh8 25. Qh6 b5 26. Kg2 Rg8 27. Rh1 Nf4+ 28. Kf3 Rg6 29. Qh4 Nxe2 30. Kxe2 Rc8 31. Nxd6 Rc2+ 32. Kd1 Rxf2 0-1

[Event "Vlissingen HZ op 17th"]
[Site "Vlissingen"]
[Date "2013.08.09"]
[Round "8"]
[White "Henrichs, Thomas"]
[Black "Mostertman, Milan"]
[Result "0-1"]
[WhiteElo "2458"]
[BlackElo "2280"]
[PlyCount "66"]
[EventDate "2013.08.03"]
[EventType "swiss"]
[EventRounds "9"]
[EventCountry "NED"]
[SourceTitle "CBM 155 Extra"]
[Source "ChessBase"]
[SourceDate "2013.08.26"]
[SourceVersion "1"]
[SourceVersionDate "2013.08.26"]
[SourceQuality "1"]

1. d4 Nf6 2. c4 e6 3. Nc3 Bb4 4. e3 0-0 5. Nge2 d5 6. a3 Be7 7. cxd5 exd5 8. Nf4 Re8 9. Bd3 c6 10. 0-0 a5 11. f3 Na6 12. Bc2 Bf8 13. Kh1 b5 14. Nce2 Nc7 15. Bd2 Ne6 16. b4 Nxf4 17. Nxf4 axb4 18. axb4 Rxa1 19. Qxa1 Nd7 20. Qb1 g6 21. e4 Nb6 22. e5 Nc4 23. Bc1 Qb6 24. Ne2 Qa7 25. h3 Qe7 26. f4 Qxb4 27. f5 Qxb1 28. Bxb1 Bxf5 29. Bxf5 gxf5 30. Ng3 b4 31. Nh5 Ra8 32. Nf6+ Kh8 33. Bf4 b3 0-1

[Event "Vlissingen HZ op 17th"]
[Site "Vlissingen"]
[Date "2013.08.07"]
[Round "6"]
[White "Burg, Twan"]
[Black "Mostertman, Milan"]
[Result "1/2-1/2"]
[WhiteElo "2486"]
[BlackElo "2280"]
[PlyCount "79"]
[EventDate "2013.08.03"]
[EventType "swiss"]
[EventRounds "9"]
[EventCountry "NED"]
[SourceTitle "CBM 155 Extra"]
[Source "ChessBase"]
[SourceDate "2013.08.26"]
[SourceVersion "1"]
[SourceVersionDate "2013.08.26"]
[SourceQuality "1"]

1. e4 c5 2. a3 e6 3. Nf3 Nc6 4. Nc3 d5 5. Bb5 Nge7 6. b4 a6 7. Bxc6+ Nxc6 8. bxc5 d4 9. Na4 Qa5 10. c3 dxc3 11. 0-0 Bxc5 12. Nxc5 Qxc5 13. d4 Qc4 14. Be3 0-0 15. Rc1 b5 16. Qe1 b4 17. axb4 c2 18. Qd2 Nxb4 19. Ne1 Bb7 20. Nxc2 Nxc2 21. Rxc2 Qb5 22. Rc5 Qd7 23. f3 Rfc8 24. Qc3 a5 25. Rc1 a4 26. Bf4 Rxc5 27. dxc5 a3 28. c6 Bxc6 29. Qxc6 Qxc6 30. Rxc6 a2 31. Be5 a1Q+ 32. Bxa1 Rxa1+ 33. Kf2 h5 34. Kg3 g6 35. Rc5 Kg7 36. h4 Rh1 37. Rc3 e5 38. Rc5 Kf6 39. Rc6+ Ke7 40. Ra6 1/2-1/2

[Event "Vlissingen HZ op 17th"]
[Site "Vlissingen"]
[Date "2013.08.05"]
[Round "4"]
[White "Kohlweyer, Bernd"]
[Black "Mostertman, Milan"]
[Result "1/2-1/2"]
[WhiteElo "2440"]
[BlackElo "2280"]
[PlyCount "74"]
[EventDate "2013.08.03"]
[EventType "swiss"]
[EventRounds "9"]
[EventCountry "NED"]
[SourceTitle "CBM 155 Extra"]
[Source "ChessBase"]
[SourceDate "2013.08.26"]
[SourceVersion "1"]
[SourceVersionDate "2013.08.26"]
[SourceQuality "1"]

1. Nf3 Nf6 2. g3 e6 3. Bg2 d5 4. 0-0 Be7 5. c4 0-0 6. d4 dxc4 7. Ne5 Nc6 8. Nxc6 bxc6 9. Na3 Nd5 10. Nxc4 c5 11. dxc5 Bxc5 12. a3 Ba6 13. Qc2 Qf6 14. Qa4 Bb7 15. Na5 Nb6 16. Qc2 Bxg2 17. Kxg2 Bd6 18. Nc6 Nd5 19. Bd2 Ne7 20. Na5 Qe5 21. e4 f5 22. Nc4 Qd4 23. Rae1 f4 24. f3 Ng6 25. Qc3 Be5 26. Nxe5 Qxe5 27. Qxe5 Nxe5 28. Rc1 Rab8 29. b4 fxg3 30. hxg3 Rbd8 31. Bf4 Nd3 32. Rxc7 Rc8 33. Rxc8 Rxc8 34. Be3 Rc2+ 35. Kh3 Ra2 36. Bxa7 Rxa3 37. Bc5 Nxc5 1/2-1/2

[Event "NED-ch U21"]
[Site "Sneek"]
[Date "2013.05.02"]
[Round "6"]
[White "Maris, Ivo"]
[Black "Mostertman, Milan"]
[Result "1-0"]
[WhiteElo "2159"]
[BlackElo "2280"]
[PlyCount "53"]
[EventDate "2013.04.27"]
[EventType "swiss"]
[EventRounds "9"]
[EventCountry "NED"]
[SourceTitle "EXT 2014"]
[Source "ChessBase"]
[SourceDate "2013.11.20"]
[SourceVersion "1"]
[SourceVersionDate "2013.11.20"]
[SourceQuality "1"]

1. e4 e5 2. Nf3 Nc6 3. Bc4 Bc5 4. b4 Bxb4 5. c3 Ba5 6. d4 exd4 7. 0-0 Nge7 8. cxd4 d5 9. exd5 Nxd5 10. Qb3 Be6 11. Ba3 Bb6 12. Nc3 Nce7 13. Bxe7 Nxe7 14. Bxe6 fxe6 15. Rae1 Qd7 16. Rxe6 0-0-0 17. Ne5 Qe8 18. Qa3 Rd6 19. Rxd6 cxd6 20. Ne4 Nf5 21. Nxd6+ Nxd6 22. Qxd6 Bc7 23. Rc1 Qd8 24. Qc5 Kb8 25. Nf7 Bb6 26. Qe5+ Bc7 27. Rxc7 1-0

[Event "Groningen op-A 50th"]
[Site "Groningen"]
[Date "2012.12.29"]
[Round "8"]
[White "Mostertman, Milan"]
[Black "De Jong, Migchiel"]
[Result "1-0"]
[WhiteElo "2250"]
[BlackElo "2372"]
[PlyCount "59"]
[EventDate "2012.12.21"]
[EventType "swiss"]
[EventRounds "9"]
[EventCountry "NED"]
[SourceTitle "CBM 152 Extra"]
[Source "ChessBase"]
[SourceDate "2013.02.25"]
[SourceVersion "1"]
[SourceVersionDate "2013.02.25"]
[SourceQuality "1"]

1. e4 e6 2. d4 d5 3. Nd2 c5 4. exd5 Qxd5 5. Ngf3 cxd4 6. Bc4 Qd6 7. 0-0 Nf6 8. Nb3 Nc6 9. Nbxd4 Nxd4 10. Nxd4 a6 11. Re1 Qc7 12. Qe2 Bc5 13. c3 0-0 14. Bg5 Be7 15. Rad1 Re8 16. Bd3 Bd7 17. h4 Rad8 18. h5 Qa5 19. f4 h6 20. Bxf6 Bxf6 21. Qe4 Bxd4+ 22. cxd4 Bc6 23. Qh7+ Kf8 24. f5 Qd5 25. Be4 Qd6 26. Qh8+ Ke7 27. Qxg7 Rg8 28. f6+ Kd7 29. Qxf7+ Kc8 30. Bxc6 1-0

[Event "Groningen op-A 50th"]
[Site "Groningen"]
[Date "2012.12.28"]
[Round "7"]
[White "Naroditsky, Daniel"]
[Black "Mostertman, Milan"]
[Result "1-0"]
[WhiteElo "2483"]
[BlackElo "2250"]
[PlyCount "63"]
[EventDate "2012.12.21"]
[EventType "swiss"]
[EventRounds "9"]
[EventCountry "NED"]
[SourceTitle "CBM 152 Extra"]
[Source "ChessBase"]
[SourceDate "2013.02.25"]
[SourceVersion "1"]
[SourceVersionDate "2013.02.25"]
[SourceQuality "1"]

1. g3 d5 2. Bg2 Nf6 3. Nf3 e6 4. 0-0 Be7 5. d3 0-0 6. Nbd2 c5 7. e4 Nc6 8. Re1 b5 9. e5 Nd7 10. Nf1 a5 11. h4 b4 12. Bf4 Ba6 13. N1h2 Rc8 14. Bh3 Qb6 15. Ng5 Bxg5 16. hxg5 c4 17. dxc4 dxc4 18. Qh5 Nd4 19. Be3 Bb7 20. Bxd4 Qxd4 21. Rad1 Qb6 22. Rxd7 Qc6 23. Rxb7 Qxb7 24. Bg2 Qd7 25. Be4 g6 26. Qh6 Qd2 27. Nf3 Qd7 28. Kg2 b3 29. Rh1 f5 30. exf6 bxa2 31. Ne5 Qd4 32. Qg7# 1-0

[Event "Groningen op-A 50th"]
[Site "Groningen"]
[Date "2012.12.27"]
[Round "6"]
[White "Goudriaan, Etienne"]
[Black "Mostertman, Milan"]
[Result "0-1"]
[WhiteElo "2366"]
[BlackElo "2250"]
[PlyCount "80"]
[EventDate "2012.12.21"]
[EventType "swiss"]
[EventRounds "9"]
[EventCountry "NED"]
[SourceTitle "CBM 152 Extra"]
[Source "ChessBase"]
[SourceDate "2013.02.25"]
[SourceVersion "1"]
[SourceVersionDate "2013.02.25"]
[SourceQuality "1"]

1. d4 Nf6 2. c4 e6 3. g3 d5 4. Nf3 Be7 5. Bg2 0-0 6. 0-0 dxc4 7. Qc2 a6 8. Rd1 b5 9. Ng5 c6 10. b3 cxb3 11. axb3 h6 12. Ne4 Nxe4 13. Bxe4 Bb7 14. Bf3 Nd7 15. Bd2 e5 16. Bc3 exd4 17. Bxd4 Bf6 18. Bxf6 Qxf6 19. Nc3 Nc5 20. b4 Ne6 21. Ne4 Qe5 22. e3 c5 23. bxc5 Rfc8 24. Nf6+ Qxf6 25. Bxb7 Rxc5 26. Qe4 Ng5 27. Qd4 Nh3+ 28. Kh1 Nxf2+ 29. Kg2 Nxd1 30. Qxf6 gxf6 31. Bxa8 Nxe3+ 32. Kf3 Nc4 33. Rxa6 b4 34. Ke4 b3 35. Kd4 b2 36. Be4 Nd2 37. Rb6 Rc4+ 38. Kd3 Nxe4 39. Kxc4 b1Q 40. Rxb1 Nd2+ 0-1

[Event "Drents op"]
[Site "Assen"]
[Date "2012.12.01"]
[Round "3"]
[White "Jelic, Bruno"]
[Black "Mostertman, Milan"]
[Result "1-0"]
[WhiteElo "2134"]
[BlackElo "2206"]
[PlyCount "51"]
[EventDate "2012.11.30"]
[EventType "swiss"]
[EventRounds "6"]
[EventCountry "NED"]
[SourceTitle "EXT 2015"]
[Source "ChessBase"]
[SourceDate "2014.11.20"]
[SourceVersion "1"]
[SourceVersionDate "2014.11.20"]
[SourceQuality "1"]

1. d4 Nf6 2. c4 e5 3. dxe5 Ng4 4. Nf3 Bc5 5. e3 Nc6 6. Be2 0-0 7. 0-0 Re8 8. Nc3 Ngxe5 9. Nxe5 Nxe5 10. Kh1 a5 11. f4 Nc6 12. e4 Nd4 13. Bd3 Ra6 14. f5 Bd6 15. Qh5 Be5 16. c5 Rc6 17. Bc4 Qe7 18. Bg5 Qf8 19. f6 g6 20. Qh4 Rxc5 21. Nd5 Rxc4 22. Bh6 Qd6 23. Ne7+ Rxe7 24. fxe7 Qe6 25. Rf6 Qxe7 26. Rxg6+ 1-0

[Event "Oberliga Nord W 1213"]
[Site "Germany"]
[Date "2012.11.11"]
[Round "2.5"]
[White "Hummel, Dirk"]
[Black "Mostertman, Milan"]
[Result "1/2-1/2"]
[WhiteElo "2270"]
[BlackElo "2248"]
[PlyCount "34"]
[EventDate "2012.10.14"]
[EventType "team-tourn"]
[EventRounds "9"]
[EventCountry "GER"]
[SourceTitle "EXT 2014"]
[Source "ChessBase"]
[SourceDate "2013.11.20"]
[SourceVersion "1"]
[SourceVersionDate "2013.11.20"]
[SourceQuality "1"]
[WhiteTeam "Hannover"]
[BlackTeam "Esens"]
[WhiteTeamCountry "GER"]
[BlackTeamCountry "GER"]

1. d4 Nf6 2. c4 e5 3. dxe5 Ng4 4. Nf3 Bc5 5. e3 Nc6 6. Nc3 0-0 7. Be2 Re8 8. Bd2 Ngxe5 9. Nd5 Nxf3+ 10. Bxf3 Ne5 11. b4 Bd4 12. exd4 Nxf3+ 13. Kf1 Nxd2+ 14. Qxd2 c6 15. Nc3 d5 16. cxd5 cxd5 17. f3 Be6 1/2-1/2

[Event "Vlissingen HZ op 16th"]
[Site "Vlissingen"]
[Date "2012.08.09"]
[Round "7"]
[White "Porte, Henrik"]
[Black "Mostertman, Milan"]
[Result "0-1"]
[WhiteElo "2132"]
[BlackElo "2247"]
[PlyCount "84"]
[EventDate "2012.08.04"]
[EventType "swiss"]
[EventRounds "9"]
[EventCountry "NED"]
[SourceTitle "CBM 149 Extra"]
[Source "ChessBase"]
[SourceDate "2012.08.24"]
[SourceVersion "1"]
[SourceVersionDate "2012.08.24"]
[SourceQuality "1"]

1. d4 Nf6 2. c4 e6 3. Nc3 Bb4 4. Qc2 0-0 5. a3 Bxc3+ 6. Qxc3 Ne4 7. Qc2 f5 8. e3 b6 9. Bd3 Bb7 10. Nf3 Ng5 11. Nxg5 Qxg5 12. f3 d6 13. Qf2 Nd7 14. Bd2 e5 15. 0-0-0 e4 16. Be2 d5 17. f4 Qe7 18. g4 fxg4 19. Bxg4 dxc4 20. Rhg1 Nf6 21. Qh4 Rf7 22. Bf5 Bc8 23. Bxc8 Rxc8 24. Rg5 c6 25. Rdg1 Nd5 26. Qh3 Rd8 27. Rh5 Nf6 28. Re5 Qd7 29. Qg2 Qd6 30. Qe2 b5 31. Bb4 Qc7 32. Qg2 a5 33. Bc5 Qd7 34. Qg5 Re8 35. Qg2 Rb8 36. Qg5 b4 37. axb4 axb4 38. f5 c3 39. Re6 Qd5 40. Qg3 Ra8 41. Qg2 Qb3 42. Rxf6 Ra1# 0-1